Регионална библиотека "Любен Каравелов" - Русе

Мачо не плачат (Запис номер 68982)

MARC детайли
000 -Лидер
Контролно поле с фиксирана дължина 01135nam a2200313 c 4500
003 - Код на организацията, давaща контролен номер
Контролно поле BLK
005 - Дата и час на последна редакция
Контролно поле 20180422103026.0
008 - Елементи от данни с фиксирана дължина
fixed length control field 180408b bul|||||r ||||||| ||bul||
010 ## - Наследен системен номер
LC control number KNG00073321000
020 ## - Международен стандартен номер на книга ISBN
Международен стандартен номер на книга ISBN 954-761-170-4
-- издат.: ИнфоДар
040 ## - Източник на каталожния запис
Идентификатор на билиотеката - собственик на записа BLK
041 ## - Код за език
Код за езика на текст/звукозапис или на отделно заглавие Български
Код за езика КДБФ Български
080 ## - УДК
Текстов определител УДК Руска литература
УДК код - определител по УДК 821.161.1
УДК определител -31
УДК - код + определител 821.161.1-31
100 1# - Редна дума - Автор
Автор Стогоff, Иля
Авторска отговорност първи автор
R(LIN) 124728
139 ## - Редно поле
Редна дума Стогов, Иля
Авторски знак Сто - С 77
245 10 - Сведения за заглавието
Заглавие Мачо не плачат
Подзаглавни данни Роман
Редно поле (дума) * Иля Стогов; Иля Стогоff; прев. от рус. Арманд Басмаджиян.
257 ## - Страна на издаване
Страна на създаване/издаване Русия
260 ## - Област на издателските данни
-- София
Име на издателя, разпространителя и проч. ИнфоДар
Година на издаване 2006
300 ## - Физическа характеристика
Страници 356 с.
Размери/Мащаб 22 см
380 ## - Жанр
Жанр Худож. лит.
500 ## - Общи забележки
Забележка Ориг. загл. Мачо не плачут. - Съдържа и За автора
700 1# - Други автори (авторска отговорност)
Лично име Стогов, Иля
Автороска отговорност (Описва отношението между автора и произведението) *
9 (RLIN) 124729
700 1# - Други автори (авторска отговорност)
Лично име Басмаджиян, Арманд
Автороска отговорност (Описва отношението между автора и произведението) прев. от рус.
9 (RLIN) 368773
852 ## - Местоположение
Форматна сигнатура Цб 232619
856 4# - Електронен адрес и достъп
Електронен формат pdf - файл
Път до файла /url/
856 4# - Електронен адрес и достъп
Електронен формат pdf - файл
Път до файла /url/
942 ## - АРТИКУЛИ
Вид на библиотечния материал Книги
Скрит в OPAC Не
944 ## - СЪЗДАВАНЕ И РЕДАКЦИЯ на ЗАПИСА
Създаване/Редакция Създаване
Дата на регистрацията/редакция 22.03.2007
Служител, извършил регистрацията/редакцията Геновева_Генчева
944 ## - СЪЗДАВАНЕ И РЕДАКЦИЯ на ЗАПИСА
Създаване/Редакция Редакция
Дата на регистрацията/редакция 04.04.2007
Служител, извършил регистрацията/редакцията
999 ## - СИСТЕМНИ КОНТРОЛНИ НОМЕРА
Koha biblionumber 68982
Koha biblioitemnumber 68982
Наличности
Код за отписване Код за изгубен артикул Код за повреда Коз за рестрикции Код за отдаване Артикулен № Име на библиотеката - собственик Име на библиотеката, в която се намира в момента Статус (Текущо местоположение) Дата на вписване в системата Местоположение - отдел Цена в лева Инвентарен номер Систематично азбучна сигнатура Баркод Номер на екземпляра Цена в евро Служебна бележка Служебен тип на артикула
  Не е изгубен Не е повреден без рестрикции ползва се в читалня 113272 Регионална библиотека "Любен Каравелов" Русе Регионална библиотека "Любен Каравелов" Русе Хранилище 2007-03-23 Хранилище 7.00 120000711645 Цб 232619 120000711645 1 3.58 Дост: Dp Вид: Д N: 32 Дата: 13.07.2006 Книги
Vip Innovations Ltd, Rousse, Bulgaria 2025